000 00612nam a2200181 a 4500
001 000015842
005 20200929164154.0
008 100219s1970 dr 001 0 spa d
040 _aDO-SdBNP
_bspa
_cBNPHU
082 _a368.40097293
_bS456s
245 0 0 _aSeguridad social /.
260 _aSanto Domingo :
_bIDSS,
_c1970.
300 _a107 p. :
_bil., retrs. ;
_c23 cm.
650 4 _aSeguridad social
_zRepública Dominicana
_xEnsayos, conferencias, etc.
_935653
710 2 _aInstituto Dominicano de Seguros Sociales (República Dominicana)
_931343
910 _aValidado. Control de calidad MFF
049 _aBNPD
999 _c15386
_d15386